| 000 | 00494nam a2200169Ia 4500 | ||
|---|---|---|---|
| 003 | GCL | ||
| 008 | 140319s9999 xx 000 0 ara d | ||
| 040 |
_aGCL / _cGCL |
||
| 082 | 0 | 4 |
_a301.01 _bع ع |
| 100 | 1 | _aعلى عبدالواحد وافى | |
| 245 | 1 | 0 |
_aعلم الاجتماع / _cعلى عبدالواحد وافى |
| 260 |
_a[S.N] : _bنهضة مصر للطباعة والنشر والتوزيع |
||
| 300 | _a138 | ||
| 490 | _a | ||
| 650 | 0 | 4 | _aالاجتماع |
| 942 |
_2ddc _cBK |
||
| 999 |
_c55264 _d55264 |
||